000 00954nam a22003137a 4500
003 CHAP
005 20220817043911.0
008 030730d2001 it bd r 00110 eng d
010 _a87479
011 _a88451
020 _a9251046891
035 _a98996
040 _cCHAP
082 0 4 _a631.8
_bF62
110 2 _aFAO
245 1 0 _aGlobal estimates of gaseous emissions of NH3, NO and N2O from agricultural land
_c/por FAO
260 _aRome :
_bFAO,
_c2001
300 _a106 p. :
_bgráfs. ; mapas ; tablas
590 _aBATCH-UPD
_b10
_c20130110
_lUCH01
_h1713
590 _aBATCH-UPD
_b10
_c20130410
_lUCH01
_h1058
590 _aBATCH-UPD
_b10
_c20130914
_lUCH01
_h1249
590 _aCONVERSION
_b10
_c20130109
_lUCH01
_h1348
650 1 4 _aEcología agrícola.
_935165
650 1 4 _aFertilizantes.
_940447
901 _aBK
905 _aMarco A. Mendoza T.
942 _cLIBRO
949 _a631.8 F62
_bBC
_cFAO
_d33724000896114
_eFAO1
_h103769
_i98996
_sb
999 _c87479
_d87479